Rozpoznaj przebranie do colt - Statystyki

Ogólne statystyki
  • Ten quiz został rozwiązany 60 razy
  • Średni wynik to 8 z 18
Statystyki odpowiedzi
Obrazkowy Odpowiedź % Poprawnych
Przystojny Colt
90%
Rockman Colt
90%
Banita Colt
80%
Mecha Colt
80%
Srebrny Colt
70%
Złoty Colt
70%
Bananowy Colt
60%
Mroczny Anioł Colt
60%
Rekini Colt
60%
Korsarz Colt
50%
Królewski Agent Colt
30%
Club America Colt
20%
Rewolwerowiec Colt
20%
River Plate Colt
20%
Rywal Colt
20%
Cerro Porteño Colt
0%
Renegat Mecha Colt
0%
Wzorowy Mecha Colt
0%
Nie znaleziono quizów pasujących do podanych kryteriów
Rozkład punktacji
Procent ludzi z każdym wynikiem
Percentyl według liczby udzielonych odpowiedzi
Twoja historia wyników
Nie rozwiązałeś tego quizu